| 000 | 00624nam a2200241Ia 4500 | ||
|---|---|---|---|
| 008 | 160319s9999 xx 000 0 und d | ||
| 020 | _a971-08-6343-6 | ||
| 050 | _aFIL LB 1025.3 | ||
| 050 | _b.A68 2003 c.5 | ||
| 100 | _aAquino, Gaudencio V. | ||
| 245 | _aEffective teaching / | ||
| 245 | _cGaudencio V. Aquino. | ||
| 250 | _a3rd Edition | ||
| 260 | _aMandaluyong: | ||
| 260 | _bNational Book Store, | ||
| 260 | _c2003 | ||
| 300 | _a545 pages : | ||
| 300 | _billustrations ; | ||
| 300 | _c22 cm. | ||
| 500 | _aIncludes bibliographical references. | ||
| 650 | _aTeaching. | ||
| 650 | _xEffective teaching. | ||
| 999 |
_c291646 _d291646 |
||